Rain forest / (Record no. 8995)

MARC details
000 -LEADER
fixed length control field 01110cam a22003134a 4500
001 - CONTROL NUMBER
control field 8995
003 - CONTROL NUMBER IDENTIFIER
control field FISKH
005 - DATE AND TIME OF LATEST TRANSACTION
control field 20251113101202.0
008 - FIXED-LENGTH DATA ELEMENTS--GENERAL INFORMATION
fixed length control field 060403s2007 wiu j b 001 0 eng
010 ## - LIBRARY OF CONGRESS CONTROL NUMBER
LC control number 2006044327
020 ## - INTERNATIONAL STANDARD BOOK NUMBER
International Standard Book Number 0836872584
Qualifying information lib. bdg.
020 ## - INTERNATIONAL STANDARD BOOK NUMBER
International Standard Book Number 9780836872583
Qualifying information (lib. bdg.)
020 ## - INTERNATIONAL STANDARD BOOK NUMBER
International Standard Book Number 9780789429711
040 ## - CATALOGING SOURCE
Original cataloging agency DLC
Transcribing agency DLC
Modifying agency DLC
Language of cataloging eng
050 00 - LIBRARY OF CONGRESS CALL NUMBER
Classification number QH86
Item number .T398 2007
082 00 - DEWEY DECIMAL CLASSIFICATION NUMBER
Classification number 578.734
Edition number 22
100 1# - MAIN ENTRY--PERSONAL NAME
Personal name Taylor, Barbara,
Dates associated with a name 1954-
245 10 - TITLE STATEMENT
Title Rain forest /
Statement of responsibility, etc. by Barbara Taylor.
260 ## - PUBLICATION, DISTRIBUTION, ETC.
Place of publication, distribution, etc. Milwaukee:
Name of publisher, distributor, etc. Gareth Stevens,
Date of publication, distribution, etc. 2007.
300 ## - PHYSICAL DESCRIPTION
Extent 36 pages :
Other physical details color illustrations ; maps ;
Dimensions 25 cm
440 #0 - SERIES STATEMENT/ADDED ENTRY--TITLE
Title Exploring habitats
504 ## - BIBLIOGRAPHY, ETC. NOTE
Bibliography, etc. note Includes bibliographical references (p. 34) and index.
520 ## - SUMMARY, ETC.
Summary, etc. Examines the variety of life found in a rain forest, including the flying gecko, poison dart frog, and curly-haired tarantula.
650 #0 - SUBJECT ADDED ENTRY--TOPICAL TERM
Topical term or geographic name entry element Rain forests
Form subdivision Juvenile literature.
655 #7 - INDEX TERM--GENRE/FORM
Genre/form data or focus term Literature.
Source of term lcgft
Authority record control number or standard number https://id.loc.gov/authorities/genreForms/gf2014026415
906 ## - LOCAL DATA ELEMENT F, LDF (RLIN)
a 7
b cbc
c orignew
d 1
e ocip
f 20
g y-gencatlg
942 ## - ADDED ENTRY ELEMENTS (KOHA)
Source of classification or shelving scheme Dewey Decimal Classification
Koha item type Books
Suppress in OPAC No
Holdings
Withdrawn status Lost status Source of classification or shelving scheme Damaged status Not for loan Collection Home library Current library Shelving location Date acquired Total Checkouts Full call number Barcode Date last seen Copy number Price effective from Koha item type
    Dewey Decimal Classification     Non-Fiction Footprints International School Library Network Toul Tom Poung Campus Footprints International School Library Network Toul Tom Poung Campus TTP Secondary Non-Fiction Bookshelves 11/13/2025   TAY 591.909 QL112 .G73 FIS01512 11/13/2025 1 11/13/2025 Books